00967nam a2200229 a 450000100060000000300090000600800410001502000150005604000280007108200180009910000280011724500400014526000360018530000110022150502310023265000340046365000310049765000270052894200120055599900170056795201530058415345CO-ViMGA141112s2004 ck r 000 u spa d a8420004790 aCO-ViMGAbspacCO-ViMGA04a636.213 M177a1 aMatsushima, J.K.92229410aAlimentación de vacuno para carne aZaragoza (E), cAcribia, c1979 a142.p. aNutrientes Clasificación de los alimentos Metodos para formulación de raciones Preparación de los alimentos para vacuno productor de carne Sistemas de alimentación Aditivos de los alimentos Estimulantes del crecimiento14aALIMENTACION - VACUNOS92229514aALIMENTACION BOVINA92229614aGANADO DE CARNE922297 2ddccBK c25689d25689 01102ddc44708002aMEVIECARbMEVIECARd2015-12-04hVolumen. 1 | 11/jun/2009l0o636.213 M177a p15345r2015-12-04 00:00:00tEj. 1w2015-12-04yBK